000 00404nam a22001337a 4500
082 _aP-551
100 _aAdnan Zafar
_948334
245 _aA feasibility review of Hydro Power project on Chashm Jehlum link canal.
_cAdnan Zafar, Zohaib Nawaz.
260 _aRisalpur:
_bMCE:
_c18 Jul 2014.
526 _a0
_b0
_c0
_dP_551
650 _aProject:
700 _aAbdul Waheed Asst Prof.
_948335
942 _2ddc
_cBK
999 _c551313
_d551313